Statistiken für Deutsche Gebirge auf einer Karte

Klicken Sie hier um das Quiz zu spielen!

Allgemein

  • Dieses Quiz wurde 6.377 mal gespielt
  • Das Durchschnittsergebnis liegt bei 9 aus 20

Antworten auf der Karte

Die Antworten werden auf der Karte rot bzw. grün angezeigt, abhängig davon wie oft sie richtig erraten wurden.
 

Antwortstatistiken

Höhe (m)GebirgeHöch. Erhebung% Korrekt
2962AlpenZugspitze
98%
1141,2HarzBrocken
83%
1493SchwarzwaldFeldberg
83%
1243,7ErzgebirgeFichtelberg
63%
746,9EifelHohe Acht
57%
881,5TaunusGroßer Feldberg
52%
1015,7Schwäbische AlbLemberg
44%
950,21RhönWasserkuppe
40%
816,32HunsrückErbeskopf
39%
1051FichtelgebirgeSchneeberg
37%
1455,5Bayerischer WaldGroßer Arber
36%
982,9Thüringer WaldGroßer Beerberg
34%
656,4Fränkische AlbDürrenberg
30%
626,8OdenwaldKatzenbuckel
29%
657,3WesterwaldFuchskaute
28%
586SpessartGeiersberg
26%
446,8Teutoburger WaldBarnacken
26%
843,5RothaargebirgeLangenberg
25%
773VogelsbergTaufstein
19%
1042Oberpfälzer WaldKreuzfelsen
16%

Verteilung der Resultate

Perzentil nach korrekt beantworteten Fragen

Anzahl Personen mit jedem Resultat

Ihre Resultats-Entwicklung

Sie haben dieses Quiz noch nicht gespielt